00434nam a22001337a 4500999001700000100002400017100001100041245006600052260003000118300000900148700004200157942001100199952009000210 c58365d58362 aAzhar Hussain Shah  a06ME30 aLocally Manufacture Electric Wheel Chair Operated by Joystick aNawabshah:bQUEST,c2006. a52p. aDepartment of Mechanical Engineering  cTHESIS 00104070aQUESTCLbRESEARCHd2018-04-19l0pMEP/20-231r2018-04-19 00:00:00yTHESIS